Women In Ancient Indian Tales (Record no. 5055)

MARC details
000 -LEADER
fixed length control field 00446cam a2200169ua 4500
008 - FIXED-LENGTH DATA ELEMENTS--GENERAL INFORMATION
fixed length control field 131026n ii |||gr||||Z||||||eng
040 ## - CATALOGING SOURCE
Transcribing agency MAIN
082 ## - DEWEY DECIMAL CLASSIFICATION NUMBER
Classification number 305.4
245 11 - TITLE STATEMENT
Title Women In Ancient Indian Tales
Statement of responsibility, etc. By Jagdishchandra Jain
260 ## - PUBLICATION, DISTRIBUTION, ETC.
Place of publication, distribution, etc. Delhi:
Name of publisher, distributor, etc. Mittal Publications,
Date of publication, distribution, etc. 1987.
300 ## - PHYSICAL DESCRIPTION
Extent vii,73p.
700 1# - ADDED ENTRY--PERSONAL NAME
Personal name Jain,Jagdishchandra,
Relator term
942 ## - ADDED ENTRY ELEMENTS (KOHA)
Koha item type Books
653 ## - INDEX TERM--UNCONTROLLED
Uncontrolled term History
653 ## - INDEX TERM--UNCONTROLLED
Uncontrolled term Women In Ancient Indian Tales
Holdings
Withdrawn status Lost status Damaged status Not for loan Home library Current library Shelving location Date acquired Total Checkouts Full call number Barcode Date last seen Copy number Price effective from Koha item type
        Central Library, Naharkatiya College Central Library, Naharkatiya College General Stacks 19/09/2020   305.4 | JAI 3934 19/09/2020 1 19/09/2020 Books

Naharkatiya College © 2020. All rights reserved.

Powered By